|
|
|
|
| LEADER |
01468nam a2200385 a 4500 |
| 001 |
EBC457776 |
| 003 |
MiAaPQ |
| 005 |
20200520144314.0 |
| 006 |
m o d | |
| 007 |
cr cn||||||||| |
| 008 |
010201s2001 njua sb 001 0 eng d |
| 010 |
|
|
|z 2001021988
|
| 020 |
|
|
|z 0691058512 (alk. paper)
|
| 020 |
|
|
|z 9780691116310
|
| 020 |
|
|
|z 9781400828302
|
| 035 |
|
|
|a (MiAaPQ)EBC457776
|
| 035 |
|
|
|a (Au-PeEL)EBL457776
|
| 035 |
|
|
|a (CaPaEBR)ebr10312467
|
| 035 |
|
|
|a (CaONFJC)MIL215910
|
| 035 |
|
|
|a (OCoLC)443273391
|
| 040 |
|
|
|a MiAaPQ
|c MiAaPQ
|d MiAaPQ
|
| 050 |
|
4 |
|a HD58.8
|b .T89 2001
|
| 082 |
0 |
4 |
|a 658.4/06
|2 21
|
| 245 |
0 |
4 |
|a The twenty-first-century firm
|h [electronic resource] :
|b changing economic organization in international perspective /
|c edited by Paul DiMaggio.
|
| 260 |
|
|
|a Princeton :
|b Princeton University Press,
|c c2001.
|
| 300 |
|
|
|a viii, 275 p. :
|b ill.
|
| 504 |
|
|
|a Includes bibliographical references (p. 245]-270) and index.
|
| 505 |
0 |
|
|a pt. 1. Portraits from three regions -- pt. 2. Commentaries.
|
| 533 |
|
|
|a Electronic reproduction. Ann Arbor, MI : ProQuest, 2015. Available via World Wide Web. Access may be limited to ProQuest affiliated libraries.
|
| 650 |
|
0 |
|a Organizational change.
|
| 650 |
|
0 |
|a Industrial management.
|
| 655 |
|
4 |
|a Electronic books.
|
| 700 |
1 |
|
|a DiMaggio, Paul.
|
| 710 |
2 |
|
|a ProQuest (Firm)
|
| 856 |
4 |
0 |
|u https://ebookcentral.proquest.com/lib/matrademy/detail.action?docID=457776
|z Click to View
|